Asia A-Z - Statistics

General Stats
  • This quiz has been taken 37 times
  • The average score is 15 of 26
Answer Stats
Hint Answer % Correct
F Japan's tallest peak Fuji
100%
G Mahatma who led India to independence Gandhi
100%
B Alternate name of Myanmar Burma
97%
I Java, Sumatra, and Sulawesi are all part of this country Indonesia
97%
A Its capital is Baku Azerbaijan
94%
C Colonial name of Sri Lanka Ceylon
86%
J Country with a coastline on the Gulf of Aqaba Jordan
86%
U Capital of Mongolia Ulaanbaatar
86%
K Country with one of the largest uranium reserves Kazakhstan
83%
T Phuket's country Thailand
83%
P Dictator of the Khmer Rouge regime Pol Pot
77%
W Chinese city that was the initial site of COVID-19 Wuhan
77%
N Chinese city meaning "Southern Capital" Nanjing
69%
V Russia's largest Pacific port Vladivostok
63%
X One of the "great" ancient Persian kings Xerxes
54%
E Nickname of Laos: The Land of a Million _____ Elephants
51%
Q Seventh largest city in Iran Qom
43%
S Chinese province where Chengdu resides Sichuan
37%
Y Capital of Russia's Sverdlovsk Oblast Yekaterinburg
34%
D National language of Bhutan Dzongkha
31%
M Mumbai's state Maharashtra
31%
O Kyrgyz city home to Mount Sulaiman Osh
31%
L Syria's largest port Latakia
14%
R Bangladesh's most northern division Rangpur
9%
H Administrative center of North Korea's South Hwanghae Province Haeju
6%
Z One of the 12 Tribes of Israel Zebulun
6%
No matching quizzes found
Score Distribution
Percent of People with Each Score
Percentile by Number Answered
Your Score History
You have not taken this quiz